|
|
|
|
| LEADER |
01100nam a22002892a 4500 |
| 001 |
000140563 |
| 003 |
CZ BrMZK |
| 005 |
19970107143423.0 |
| 008 |
970107s1991 xr f cze d |
| 015 |
|
|
|a cnb000062176
|
| 020 |
|
|
|a 80-04-25845-X
|
| 035 |
|
|
|a (OCoLC)85673490
|
| 040 |
|
|
|a BOA001
|b cze
|
| 080 |
|
|
|a 372.851(075.2)
|2 MRF
|
| 100 |
1 |
|
|a Kittler, Josef,
|d 1913-2002
|7 jk01060223
|
| 245 |
1 |
0 |
|a Matematika pro 2. ročník základní školy :
|b alternativní učebnice /
|c Josef Kittler, František Kuřina
|
| 250 |
|
|
|a 1. vyd.
|
| 260 |
|
|
|a Praha :
|b SPN,
|c 1991
|
| 300 |
|
|
|a 62 s.
|
| 490 |
1 |
|
|a Učebnice pro základní školy
|
| 700 |
1 |
|
|a Kuřina, František,
|d 1932-
|7 jk01071035
|
| 830 |
|
0 |
|a Učebnice pro základní školy
|
| 856 |
4 |
1 |
|u http://www.digitalniknihovna.cz/mzk/uuid/uuid:b6c4db90-38b8-11e4-8f64-005056827e52
|y Digitalizovaný dokument
|x NDK
|
| 910 |
|
|
|a BOA001
|b PK-0115.252
|
| 964 |
|
|
|a Matematika - učebnice alternativní - školy základní (stupeň 1.)
|
| 990 |
|
|
|a BK
|
| 996 |
7 |
|
|b 3119953412
|c PK-0115.252
|l MZK
|r Sklad / do 1 hodiny
|n 0
|w 000140563
|u 000010
|a 1
|e BOA001
|j MZK50
|s A
|